Responses for Show #4281 - Monday, March 24, 2003

Contestants

[<< previous game]

Shawn Wilson, a technical writer from Chatsworth, California

Donna Corbett, an office manager from Plymouth, Massachusetts

Sara Glidden, a college theater manager from West Roxbury, Massachusetts (whose 2-day cash winnings total $27,950)

[next game >>]

Jeopardy! Round responses

SCIENCE & NATURE
MEET THE BEATLE
ABBREV.
FRENCH RULER NICKNAMES
LET'S BUILD A CASINO!
THERE'S A SUCKER...
    $200 3
Antarctica

Sara
    $200 1
John Lennon

Sara
    $200 10
World Wide Web

Donna
    $200 8
the Fat

Sara
    $200 17
Alaska

Shawn
    $200 22
Blow Pops

Donna
    $400 7
mistletoe

Sara
    $400 2
(Sara: Who is Paul McCartney?)
(Donna: Who is John Lennon?)

George Harrison ("My Sweet Lord")

SaraDonnaShawn
    $400 11
standing room only

Sara
    $400 9
(Sara: What is the Fair?)
(Donna: What is Pip?)

the Tall

SaraDonna
Triple Stumper
    $400 18
the moon

Donna
    $400 23
(Donna: What is Tootsie Pop?)

Tootsie Roll

DonnaShawn
    $600 15
(Donna: What is a monsoon?)
(Shawn: What is a hurricane?)

typhoon

SaraDonnaShawn
    $600 4
Paul McCartney

Donna
    $600 12
cardiopulmonary resuscitation

Shawn
    $600 16
Fair

Donna
    $600 19
Russia

Donna
    $600 26
Ring Pops

Donna
    $800 24
(Donna: What is a boa constrictor?)

python

DonnaShawn
    $800 5
Ringo Starr

Shawn
    $800 13
Extra-vehicular activity

Donna
    $800 20
Bermuda

Sara
    $800 27
Astro Pops

Triple Stumper
    $1,200 25
gibbous

Shawn
    $1000 6
George Harrison

Shawn
    $1000 14
(Shawn: What is Oil Producing & Exporting Countries?)

Organization of Petroleum Exporting Countries

Shawn
Triple Stumper
    $1000 21
Cats

Sara
    $1000 28
[The end-of-round signal sounds.]

teeth

Shawn

Scores at the first commercial break (after clue 15):

Sara Donna Shawn
$1,200 $200 $1,200

Scores at the end of the Jeopardy! Round:

Sara Donna Shawn
$3,000 $1,400 $4,800

Double Jeopardy! Round responses

BOOKS OF THE BIBLE
HOLLYWOOD MIDDLE INITIALS
PRECOLUMBIAN LIFE
CONTINENTS' LOWEST POINTS
(Alex: You have to ID the continent.)
20th CENTURY WOMEN
"O" BABY!
    $400 10
Exodus

Sara
    $400 20
George C. Scott

Sara
    $400 25
(Alex: Minute to go.)

bird

Shawn
    $400 6
Asia

Shawn
    $400 1
Princess Diana

Sara
    $400 15
"Oliver Twist"

Sara
    $800 11
Mark

Shawn
    $800 21
Louis B. Mayer

Shawn
    $800 26
(Donna: What is basketball?)
....
(Alex (before clue #30): We found out that the Mayans played a game similar to basketball, just as they played a game similar to soccer.)

soccer

DonnaShawn
    $800 7
South America

Donna
    $800 2
Sonja Henie

Sara
    $800 16
over easy

Shawn
    $1200 12
Genesis

Shawn
    $1200 22
David E. Kelley

Shawn
    $1200 27
(Sara: What is chocolate?)
(Shawn: What is beer?)

liquor

SaraShawn
Triple Stumper
    $1200 8
Europe

Shawn
    $1200 3
Georgia O'Keeffe

Sara
    $1200 17
orchid

Donna
    $1600 13
Jude

Sara
    $1600 23
William H. Macy

Donna
    $1600 28
(Donna: What is Peru?)

Cuzco

Donna
Triple Stumper
    $1600 9
Australia

Triple Stumper
    $1600 4
Laura Ashley

Sara
    $1600 18
Oxford English Dictionary

Shawn
    $3,000 14
Acts of the Apostles

Sara
    $2000 24
Francis X. Bushman

Shawn
    $1,600 30
Toltecs

Shawn
    $2000 29
Africa

Triple Stumper
    $2000 5
Margaret Chase Smith

Sara
    $2000 19
Owl Creek Bridge

Shawn

Scores at the end of the Double Jeopardy! Round:

Sara Donna Shawn
$13,600 $4,200 $18,400

[wagering suggestions for these scores]

Final Jeopardy! Round responses

THE 7 WONDERS OF THE ANCIENT WORLD
DonnaWhat was the tower of Babel?
$3,200
SaraWhat was the lighthouse at Alexandria
$5,000
ShawnWhat is tomb at Halicaran
$8,801
Statue of Zeus at Olympia

Final scores:

Sara Donna Shawn
$8,600 $1,000 $9,599
2nd place: $2,000 3rd place: $1,000 New champion: $9,599

Game dynamics:

Coryat scores:

Sara Donna Shawn
$12,600 $4,200 $18,600
18 R
(including 1 DD),
3 W
12 R,
6 W
22 R
(including 2 DDs),
3 W

Combined Coryat: $35,400

[game clues] [game scores] [suggest correction]

Game tape date: 2002-12-04
The J! Archive is created by fans, for fans. Scraping, republication, monetization, and malicious use prohibited; this site may use cookies and collect identifying information. See terms. The Jeopardy! game show and all elements thereof, including but not limited to copyright and trademark thereto, are the property of Jeopardy Productions, Inc. and are protected under law. This website is not affiliated with, sponsored by, or operated by Jeopardy Productions, Inc. Join the discussion at JBoard.tv.